<?xml version="1.0" encoding="UTF-8"?>
<record
    xmlns:xsi="http://www.w3.org/2001/XMLSchema-instance"
    xsi:schemaLocation="http://www.loc.gov/MARC21/slim http://www.loc.gov/standards/marcxml/schema/MARC21slim.xsd"
    xmlns="http://www.loc.gov/MARC21/slim">

  <leader>00605nam a22002177a 4500</leader>
  <controlfield tag="003">OSt</controlfield>
  <controlfield tag="005">20260522150454.0</controlfield>
  <controlfield tag="008">210413b           ||||| |||| 00| 0 eng d</controlfield>
  <datafield tag="020" ind1=" " ind2=" ">
    <subfield code="a">9788120417939</subfield>
  </datafield>
  <datafield tag="082" ind1=" " ind2=" ">
    <subfield code="a">571.5382</subfield>
    <subfield code="b">R21I</subfield>
  </datafield>
  <datafield tag="100" ind1=" " ind2=" ">
    <subfield code="a">Razdan, M K</subfield>
  </datafield>
  <datafield tag="245" ind1=" " ind2=" ">
    <subfield code="a">Introduction to plant tissue culture</subfield>
    <subfield code="c">By M K Razdan</subfield>
  </datafield>
  <datafield tag="250" ind1=" " ind2=" ">
    <subfield code="a">3rd ed.</subfield>
  </datafield>
  <datafield tag="260" ind1=" " ind2=" ">
    <subfield code="a">New Delhi</subfield>
    <subfield code="b">CBS Publishers &amp; Distributors</subfield>
    <subfield code="c">2020</subfield>
  </datafield>
  <datafield tag="300" ind1=" " ind2=" ">
    <subfield code="a">xvii, 400p.</subfield>
    <subfield code="b">Paperback</subfield>
  </datafield>
  <datafield tag="500" ind1=" " ind2=" ">
    <subfield code="a">048606- 048610- reprint edition 2026</subfield>
  </datafield>
  <datafield tag="546" ind1=" " ind2=" ">
    <subfield code="a">English</subfield>
  </datafield>
  <datafield tag="650" ind1=" " ind2=" ">
    <subfield code="a">Plant tissue culture</subfield>
  </datafield>
  <datafield tag="650" ind1=" " ind2=" ">
    <subfield code="a">Plant breeding</subfield>
  </datafield>
  <datafield tag="942" ind1=" " ind2=" ">
    <subfield code="2">ddc</subfield>
    <subfield code="c">BK</subfield>
  </datafield>
  <datafield tag="999" ind1=" " ind2=" ">
    <subfield code="c">24280</subfield>
    <subfield code="d">24280</subfield>
  </datafield>
  <datafield tag="952" ind1=" " ind2=" ">
    <subfield code="0">0</subfield>
    <subfield code="1">0</subfield>
    <subfield code="2">ddc</subfield>
    <subfield code="4">0</subfield>
    <subfield code="7">0</subfield>
    <subfield code="8">TXB</subfield>
    <subfield code="a">CURAJ</subfield>
    <subfield code="b">CURAJ</subfield>
    <subfield code="c">BTH</subfield>
    <subfield code="d">2021-04-13</subfield>
    <subfield code="e">Technical Bureau</subfield>
    <subfield code="g">675.00</subfield>
    <subfield code="i">TB2683/04/02/2021</subfield>
    <subfield code="l">4</subfield>
    <subfield code="o">571.5382 R21I</subfield>
    <subfield code="p">36255</subfield>
    <subfield code="r">2023-09-14</subfield>
    <subfield code="s">2023-08-21</subfield>
    <subfield code="w">2021-04-13</subfield>
    <subfield code="y">BK</subfield>
  </datafield>
  <datafield tag="952" ind1=" " ind2=" ">
    <subfield code="0">0</subfield>
    <subfield code="1">0</subfield>
    <subfield code="2">ddc</subfield>
    <subfield code="4">0</subfield>
    <subfield code="7">0</subfield>
    <subfield code="8">TXB</subfield>
    <subfield code="a">CURAJ</subfield>
    <subfield code="b">CURAJ</subfield>
    <subfield code="c">BTH</subfield>
    <subfield code="d">2021-07-13</subfield>
    <subfield code="e">Technical Bureau</subfield>
    <subfield code="g">675.00</subfield>
    <subfield code="i">TB2683/04/02/2021</subfield>
    <subfield code="l">2</subfield>
    <subfield code="o">571.5382 R21I</subfield>
    <subfield code="p">36254</subfield>
    <subfield code="r">2025-10-22</subfield>
    <subfield code="s">2025-10-07</subfield>
    <subfield code="w">2021-07-13</subfield>
    <subfield code="y">BK</subfield>
  </datafield>
  <datafield tag="952" ind1=" " ind2=" ">
    <subfield code="0">0</subfield>
    <subfield code="1">0</subfield>
    <subfield code="2">ddc</subfield>
    <subfield code="4">0</subfield>
    <subfield code="7">0</subfield>
    <subfield code="8">TXB</subfield>
    <subfield code="a">CURAJ</subfield>
    <subfield code="b">CURAJ</subfield>
    <subfield code="c">BTH</subfield>
    <subfield code="d">2026-05-22</subfield>
    <subfield code="e">Metro </subfield>
    <subfield code="g">695.00</subfield>
    <subfield code="i">3852/20-02-2026</subfield>
    <subfield code="l">0</subfield>
    <subfield code="o">571.5382 R21I</subfield>
    <subfield code="p">048606</subfield>
    <subfield code="r">2026-05-22</subfield>
    <subfield code="w">2026-05-22</subfield>
    <subfield code="y">BK</subfield>
  </datafield>
  <datafield tag="952" ind1=" " ind2=" ">
    <subfield code="0">0</subfield>
    <subfield code="1">0</subfield>
    <subfield code="2">ddc</subfield>
    <subfield code="4">0</subfield>
    <subfield code="7">0</subfield>
    <subfield code="8">TXB</subfield>
    <subfield code="a">CURAJ</subfield>
    <subfield code="b">CURAJ</subfield>
    <subfield code="c">BTH</subfield>
    <subfield code="d">2026-05-22</subfield>
    <subfield code="e">Metro </subfield>
    <subfield code="g">695.00</subfield>
    <subfield code="i">3852/20-02-2026</subfield>
    <subfield code="l">0</subfield>
    <subfield code="o">571.5382 R21I</subfield>
    <subfield code="p">048607</subfield>
    <subfield code="r">2026-05-22</subfield>
    <subfield code="w">2026-05-22</subfield>
    <subfield code="y">BK</subfield>
  </datafield>
  <datafield tag="952" ind1=" " ind2=" ">
    <subfield code="0">0</subfield>
    <subfield code="1">0</subfield>
    <subfield code="2">ddc</subfield>
    <subfield code="4">0</subfield>
    <subfield code="7">0</subfield>
    <subfield code="8">TXB</subfield>
    <subfield code="a">CURAJ</subfield>
    <subfield code="b">CURAJ</subfield>
    <subfield code="c">BTH</subfield>
    <subfield code="d">2026-05-22</subfield>
    <subfield code="e">Metro </subfield>
    <subfield code="g">695.00</subfield>
    <subfield code="i">3852/20-02-2026</subfield>
    <subfield code="l">0</subfield>
    <subfield code="o">571.5382 R21I</subfield>
    <subfield code="p">048608</subfield>
    <subfield code="r">2026-05-22</subfield>
    <subfield code="w">2026-05-22</subfield>
    <subfield code="y">BK</subfield>
  </datafield>
  <datafield tag="952" ind1=" " ind2=" ">
    <subfield code="0">0</subfield>
    <subfield code="1">0</subfield>
    <subfield code="2">ddc</subfield>
    <subfield code="4">0</subfield>
    <subfield code="7">0</subfield>
    <subfield code="8">TXB</subfield>
    <subfield code="a">CURAJ</subfield>
    <subfield code="b">CURAJ</subfield>
    <subfield code="c">BTH</subfield>
    <subfield code="d">2026-05-22</subfield>
    <subfield code="e">Metro </subfield>
    <subfield code="g">695.00</subfield>
    <subfield code="i">3852/20-02-2026</subfield>
    <subfield code="l">0</subfield>
    <subfield code="o">571.5382 R21I</subfield>
    <subfield code="p">048609</subfield>
    <subfield code="r">2026-05-22</subfield>
    <subfield code="w">2026-05-22</subfield>
    <subfield code="y">BK</subfield>
  </datafield>
  <datafield tag="952" ind1=" " ind2=" ">
    <subfield code="0">0</subfield>
    <subfield code="1">0</subfield>
    <subfield code="2">ddc</subfield>
    <subfield code="4">0</subfield>
    <subfield code="7">0</subfield>
    <subfield code="8">TXB</subfield>
    <subfield code="a">CURAJ</subfield>
    <subfield code="b">CURAJ</subfield>
    <subfield code="c">BTH</subfield>
    <subfield code="d">2026-05-22</subfield>
    <subfield code="e">Metro </subfield>
    <subfield code="g">695.00</subfield>
    <subfield code="i">3852/20-02-2026</subfield>
    <subfield code="l">0</subfield>
    <subfield code="o">571.5382 R21I</subfield>
    <subfield code="p">048610</subfield>
    <subfield code="r">2026-05-22</subfield>
    <subfield code="w">2026-05-22</subfield>
    <subfield code="y">BK</subfield>
  </datafield>
</record>
